El secreto del padre Brown /
Gardado en:
| Autor Principal: | |
|---|---|
| Formato: | Libro |
| Idioma: | Lingua castelá |
| Publicado: |
Barcelona, España :
G.P. : Plaza y Janés [dist.]
1968, c1968
|
| Series: | (Los Clásicos del Siglo XX ;
20) |
| Temas: | |
| Etiquetas: |
Sen Etiquetas, Sexa o primeiro en etiquetar este rexistro!
|
MARC
| LEADER | 00000nam^a2200000^a^4500 | ||
|---|---|---|---|
| 001 | 000311195 | ||
| 005 | 20250521000000.0 | ||
| 008 | 080909 19681968 | ||
| 009 | 20260310113037.619 | ||
| 037 | |a Acervo Xavier Clavigero | ||
| 041 | |a ESP | ||
| 082 | |a 823. |b CHE | ||
| 100 | |a Chesterton, Gilbert K. |e (autor) | ||
| 240 | 1 | 4 | |a [El padre Brown] |
| 240 | 1 | 4 | |a [El secreto del padre Brown] |
| 240 | 1 | 4 | |a [El escándalo del padre Brown] |
| 245 | 1 | 3 | |a El secreto del padre Brown / |c G.K. Chesterton ; tr. por Isabel Abello de Lamarca. |
| 264 | 4 | |a Barcelona, España : |b G.P. : |b Plaza y Janés [dist.] |c 1968, c1968 | |
| 300 | |a 348 p. | ||
| 336 | |a texto |b txt |2 rdacontenido | ||
| 337 | |a sin mediación |b n |2 rdamedio | ||
| 338 | |a volumen |b nc |2 rdasoporte | ||
| 440 | 5 | |a (Los Clásicos del Siglo XX ; |v 20) | |
| 500 | |a Traducción de: The Secret of Father Brown | ||
| 500 | |a Traducción de: The Scandal of Father Brown | ||
| 545 | 0 | |a Gilbert Keith Chesterton, escritor inglés nacido en 1874 y muerto en 1936. Es conocido especialmente por la alegoría El hombre que fue jueves y por la fantasía política El Napoleón de Notting Hill, en la que denosta el mundo mecanizado y añora la vida previa a la revolución industrial; y, sobre todo por sus relatos policíacos, en los cuales creó al padre Brown, un personaje ya clásico del género (El secreto del padre Brown, La prudencia del padre Brown, El candor del padre Brown, entre otros). También escribió crítica literaria, estudios teológicos y narrativa no policíaca como La esfera y la cruz, La hostería volante, El club de las ocupaciones extravagantes, La época victoriana en la literatura, Ortodoxia, por citar algunos títulos. | |
| 649 | |a XX | ||
| 650 | |a Ministros Religiosos en la Literatura | ||
| 650 | |a Cuentos Ingleses | ||
| 650 | |a Novela Inglesa | ||
| 650 | |a Literatura Inglesa - |y Siglo XX | ||
| 650 | |a Literatura Policíaca y de Misterio - |z Inglaterra | ||
| 740 | 3 | |a El escándalo del padre Brown / |c G.K. Chesterton ; tr. por F. González Taujis. | |
| 910 | |a Fondo General | ||
| 920 | |a Impresos - Libros | ||
| 930 | |a Colección General | ||
| 940 | |a Literatura | ||
| 905 | |a 101 | ||
| 901 | |a 067733 |b IT1 |c LIT |u 20250521 | ||
| 902 | |a https://opac.biblio.iteso.mx/vufind/Record/000311195 | ||